Farasi Biplob (Record no. 5226)
[ view plain ]
| 000 -LEADER | |
|---|---|
| fixed length control field | 00479cam a2200193ua 4500 |
| 008 - FIXED-LENGTH DATA ELEMENTS--GENERAL INFORMATION | |
| fixed length control field | 131122n ii |||frmmmmZ001|0|asm |
| 040 ## - CATALOGING SOURCE | |
| Transcribing agency | MAIN |
| 082 ## - DEWEY DECIMAL CLASSIFICATION NUMBER | |
| Classification number | 944.04 |
| 245 ## - TITLE STATEMENT | |
| Title | Farasi Biplob |
| Statement of responsibility, etc. | By Dhrubajyoti Borah |
| 250 ## - EDITION STATEMENT | |
| Edition statement | 2nd. |
| 260 ## - PUBLICATION, DISTRIBUTION, ETC. | |
| Place of publication, distribution, etc. | Calcutta: |
| Name of publisher, distributor, etc. | Shreebhumi Publishing Company, |
| Date of publication, distribution, etc. | 1986. |
| 300 ## - PHYSICAL DESCRIPTION | |
| Extent | x,148p. |
| 700 ## - ADDED ENTRY--PERSONAL NAME | |
| Personal name | Borah,Dhrubajyoti, |
| Relator term | |
| 942 ## - ADDED ENTRY ELEMENTS (KOHA) | |
| Koha item type | Books |
| 653 ## - INDEX TERM--UNCONTROLLED | |
| Uncontrolled term | History |
| 653 ## - INDEX TERM--UNCONTROLLED | |
| Uncontrolled term | Farasi Biplob |
| 653 ## - INDEX TERM--UNCONTROLLED | |
| Uncontrolled term | French revolution |
| Withdrawn status | Lost status | Damaged status | Not for loan | Home library | Current library | Shelving location | Date acquired | Total Checkouts | Full call number | Barcode | Date last seen | Copy number | Price effective from | Koha item type |
|---|---|---|---|---|---|---|---|---|---|---|---|---|---|---|
| Central Library, Naharkatiya College | Central Library, Naharkatiya College | General Stacks | 19/09/2020 | 944.04 | BOR | 17319 | 19/09/2020 | 1 | 19/09/2020 | Books |
